Khẩu vị của người Đức và văn hoá ẩm thực Việt Nam /

Guardado en:
Detalles Bibliográficos
Autor principal: Hoàng Văn Hoàn
Formato: Artículo
Lenguaje:Vietnamese
Materias:
Etiquetas: Agregar Etiqueta
Sin Etiquetas, Sea el primero en etiquetar este registro!
Thư viện lưu trữ: Thư viện Trường Đại học Đà Lạt
LEADER 00726nam a2200265 4500
001 DLU050050076
040 # # |a DLU  |b vie 
041 # # |a vie 
044 # # |a vn 
100 # # |a Hoàng Văn Hoàn 
245 # # |a Khẩu vị của người Đức và văn hoá ẩm thực Việt Nam /  |c Hoàng Văn Hoàn 
653 # # |a Ẩm thực 
653 # # |a Văn hoá Việt 
773 # # |t Du lịch Việt Nam  |g Số 5, 2005, tr.40 
920 # # |a Phòng Tạp chí -- Trung tâm Thông tin - Thư viện Trường Đại học Đà Lạt 
933 # # |a DL 
994 # # |a DLU 
900 # # |a True 
911 # # |a Nguyễn Thị Yên 
925 # # |a G 
926 # # |a A 
927 # # |a BB 
980 # # |a Thư viện Trường Đại học Đà Lạt